أوربا و الآثار المصرية

محفوظ في:

المؤلف الرئيسي: Peter France.

مؤلفون آخرون: Ibrahim Muhammad Ibrahim, Abdul Rahman Al-Sheikh.

التنسيق: كتاب

اللغة: Undetermined

منشور في: Al-Qāhirah : al-Hayʼah al-Miṣrīyah al-ʻAmmah lil-Kitāb, 2009.

سلاسل: ألف كتاب الثاني (الهيئة المصرية العامة للكتاب، القاهرة، مصر)

الموضوعات:

الوسوم: إضافة وسم

لا توجد وسوم, كن أول من يضع وسما على هذه التسجيلة!

رقم الطلب: DT60 .F7212

LEADER 00825nam a2200193Ia 4500
008 240329s9999||||xx |||||||||||||| ||und||
020 |a 9789774211614 
050 4 |a DT60 .F7212 
100 1 |a Peter France. 
245 1 0 |a أوربا و الآثار المصرية  |c Peter France 
264 1 |a Al-Qāhirah :  |b al-Hayʼah al-Miṣrīyah al-ʻAmmah lil-Kitāb,  |c 2009. 
300 |a 276  |c 24 
490 0 |a ألف كتاب الثاني (الهيئة المصرية العامة للكتاب، القاهرة، مصر) 
500 |a ترجمة كتاب : The rape for Egypt : how the Europeans stripped Egypt of its heritage 
650 |a الآثار المصرية القديمة 
650 |a اوربا تاريخ العصر الحديث 
700 1 |a Ibrahim Muhammad Ibrahim, Abdul Rahman Al-Sheikh. 
942 |2 lcc  |c BK 
999 |c 57845  |d 57845